| 000 | 00000nam 2200000za 4500 |
| 001 | 9.833622 |
| 003 | CaOODSP |
| 005 | 20250611103758 |
| 007 | cr ||||||||||| |
| 008 | 170309s2017 oncd #o f000 0 fre d |
| 020 | |a978-0-660-07906-6 |
| 040 | |aCaOODSP|bfre |
| 043 | |an-cn--- |
| 086 | 1 |aA29-2/19-1-2017F-PDF |
| 245 | 00|aÉvaluation des programmes régis par la Loi sur les programmes de commercialisation agricole (LPCA) |h[ressource électronique] : |bsommaire. |
| 260 | |a[Ottawa] : |bAgriculture et Agroalimentaire Canada, |cc2017. |
| 300 | |a5 p. : |bgraphiques |
| 500 | |aTitre de départ. |
| 500 | |aPubl. aussi en anglais sous le titre : Evaluation of programs under the Agricultural Marketing Programs Act (AMPA) : summary. |
| 520 | |a« L’évaluation des programmes régis par la Loi sur les programmes de commercialisation agricole (LPCA) a été intégrée au plan d’évaluation quinquennal d’Agriculture et Agroalimentaire Canada (AAC) (2014-2015 à 2018-2019) et est conforme aux exigences de la Loi sur la gestion des finances publiques et de la Politique sur l’évaluation (2009) du Conseil du Trésor. » -- Évaluation, p. [1]. |
| 692 | 07|2gccst|aAide à l'agriculture |
| 692 | 07|2gccst|aDéveloppement des marchés |
| 692 | 07|2gccst|aÉvaluation |
| 710 | 1 |aCanada. |bAgriculture et agroalimentaire Canada. |
| 775 | 08|tEvaluation of programs under the Agricultural Marketing Programs Act (AMPA) |w(CaOODSP)9.833621 |
| 856 | 40|qPDF|s243 Ko|uhttps://publications.gc.ca/collections/collection_2017/aac-aafc/A29-2-19-1-2017-fra.pdf |
| 986 | |aNo. AAC : 12610F |